000 00347 a2200157 4500
001 168879
020 _a
040 _cMagnum
100 _aBertonha, Joao Fabio
240 1 0 _aFascismo, nazismo, integralismo
_lpor
245 1 0 _aFascismo, nazismo, integralismo
362 0 _a1899
440 1 _aÁtica
697 _aPARADIDATICO
942 _cBK
999 _c168879
_d168879